| 000 | 00915nam a2200253 a 4500 | ||
|---|---|---|---|
| 001 | 77590 | ||
| 003 | BD-RjUL | ||
| 005 | 20230214150513.0 | ||
| 008 | 201203s2018 bg ||||| |||| 00| 0 ben d | ||
| 020 | _a9789849305743 | ||
| 035 | _a(BD-RjUL)77590 | ||
| 040 |
_aBD-RjUL _beng _cBD-RjUL |
||
| 041 | _aben | ||
| 082 |
_223 _a891.441 _bRAS 2018 |
||
| 100 |
_aরহমান, শেখ আতাউর _9242253 |
||
| 245 | 1 | 0 |
_aস্বপ্নউড়ান / _cশেখ আতাউর রহমান |
| 260 |
_aঢাকা : _bযুক্ত, _c২০১৮ |
||
| 300 |
_a৮৬ পৃ.; _c২৩ সেমি. |
||
| 650 |
_aবাংলা কবিতা _9242254 |
||
| 650 |
_aBengali poetry _9242255 |
||
| 650 |
_aবাংলা সাহিত্য _xইতিহাস ও সমালোচনা _9242256 |
||
| 650 |
_aBengali Lillterature _xHistory and Criticism _9242257 |
||
| 942 |
_2ddc _cBK |
||
| 999 |
_c77590 _d77590 |
||